00400nam a2200097Ia 4500008004100000100001900041245011000060260005600170650001500226856006100241160909s9999 xx 000 0 und d aLopez, Dixelia aResilience in the Karen-Refugee Population from Myanmar/Burma Resettled in the U.S.: An Exploratory Study bThe Chicago School of Professional Psychologyc2016 aPSYCHOLOGY uhttp://pqdtopen.proquest.com/doc/1762246704.html?FMT=ABS